000 01453cam a22003977a 4500
003 CHAP
005 20220329142806.0
008 031017s2003 mx r 00010 spa d
010 _a87814
011 _a88786
035 _a99331
040 _cCHAP
090 _aTesis
100 0 0 _aHortelano Santa Rosa, René.
_956286
245 1 0 _aCaracterización varietal de progenitores de maíz (Zea mays L.) en estado de plántula
_c/por René Hortelano Santa Rosa
260 _aChapingo, Méx. :
_bEl autor,
_c2003.
300 _a64 h. ;
_bgráfs.
502 _aTesis (Ing. Agr. Esp. en Fitotecnia) -- UACH. Departamento de Fitotecnia
530 _aTambién disponible en línea
590 _aALEPH
_b10
_c20130110
_lUCH01
_h1455
590 _aBATCH-UPD
_b10
_c20130110
_lUCH01
_h0303
590 _aBATCH-UPD
_b10
_c20130409
_lUCH01
_h2335
590 _aBATCH-UPD
_b10
_c20130914
_lUCH01
_h1622
590 _aBATCH-UPD
_b10
_c20140324
_lUCH01
_h1441
590 _aBATCH-UPD
_b10
_c20141002
_lUCH01
_h0820
590 _aCONVERSION
_b10
_c20130109
_lUCH01
_h1349
650 1 4 _aMaíz
_xHíbridos.
_970974
650 1 4 _aMaíz
_xPlántulas.
_971036
650 1 4 _aMaíz
_xVariedades.
_971081
856 _3Finding aid
_uhttp://10.13.5.2/tesis/99331.pdf
_zTeclea aqui
901 _aBK
905 _aMayto Villalobos S.
942 _cFOLL
949 _aTesis
_bBC
_cTES
_d33724000892642
_eTS2
_fc.2
_h41196
_i99331
_si
949 _aTesis
_bBC
_cTES
_d99331123
_eTS1
_h41195
_i99331
_sb
999 _c87814
_d87814